Profile: Richard M. Nixon Quiz Stats

 Plays Quiz Updated Aug 8, 2014

Score 0/39 Timer 12:00
0 Plays Today
Question Answer % Correct
In the summer of that year, some folks broke into this hotelWatergate
87.8%
The sitting president at this time was:Lyndon Johnson
86.9%
The opposing candidate was:John F. Kennedy
86.9%
Nixon did not have to run against the president, who did not run because of his unpopularity due to this warthe Vietnam War
86.5%
Branch of the military in which Nixon served in World War IINavy
86.3%
Eventually Nixon became the first president to ever do what?Resign
85.9%
Nixon ran for president himself in 1960 with this political partyRepublican
85.6%
The state where Nixon was bornCalifornia
85.3%
Nixon did this in which year?1974
84.4%
'Only Nixon could go to' this countryChina
83.8%
Under this presidentDwight Eisenhower
82.3%
Nixon was forced to pick a new V.P. in 1973, and he chose this CongressmanGerald R. Ford
82.3%
This did not turn out to be the case, as Nixon ran for president again in this year1968
80%
In 1946, Nixon was elected to the...House of Representatives
79%
In 1952, Nixon ran for this officeVice President
77.8%
Nixon's running mate this time was:Spiro Agnew
74.2%
Nixon passed away in this year1994
70.3%
In Nixon's victorious 1950 Senate campaign, Nixon earned this two word nicknameTricky Dick
69.9%
The leader of that country at the time wasMao Zedong
69.2%
Country to which Nixon brought the war in an attempt to end itCambodia
68.2%
Question Answer % Correct
The year Nixon was born1913
67.6%
In 1962, Nixon tried to run for this officeGovernor of California
67.3%
Nixon's National Security Adviser, and later Secretary of State, was:Henry Kissinger
66.5%
It was there that Nixon met his future wife, ___Pat
60.9%
This reporter got the first interviews Nixon gave about the scandalDavid Frost
58.5%
The opposing candidate was:Hubert H. Humphrey
56.7%
Nixon insisted that he would keep a cocker spaniel with this nameCheckers
55.5%
Nixon ran for re-election again in 1972, against this DemocratGeorge McGovern
52.6%
Animated TV show in which Nixon's head in a jar rules EarthFuturama
51.2%
They turned out to be members of the Committee to Re-elect the President, which was known by this acronymC.R.P.
49.3%
French-rooted term for the foreign policy toward the Soviets which the Nixon administration practiceddétente
47.8%
When Nixon lost that race, he claimed that these people 'won't have Nixon to kick around anymore'The media/press
47%
The talks to end the ongoing war were held in this cityParis
43.4%
In 1959, Nixon debated with Nikita Khrushchev in this type of rooma kitchen
38.2%
Congressional committee on which Nixon served from 1948-1950House Un-American Activities Committee
37%
Accused spy, Nixon's role in the case involving him helped launch Nixon into national fameAlger Hiss
35.8%
Nixon's alma materWhittier College
31.4%
The Nixon Presidential Library & Museum is located in this California cityYorba Linda
28%
Nixon's running mate was:Henry Cabot Lodge, Jr.
22.8%

You're not logged in!

Compare scores with friends on all Sporcle quizzes.
OR
Log In

Sporcle TV

Today on Sporcle TV


Watch our educational content, quiz creation guides, and fun videos on Sporcle TV.

Show Comments

Extras

Top Quizzes Today


Score Distribution

Your Account Isn't Verified!

In order to create a playlist on Sporcle, you need to verify the email address you used during registration. Go to your Sporcle Settings to finish the process.

Report this User

Report this user for behavior that violates our Community Guidelines.

Details: